000 00453nam a2200181Ia 4500
001 18573
005 20260306171640.0
008 260306s9999||||xx |||||||||||||| ||und||
041 _aESP
082 _a658.409
_bD278A 1999
100 _aDrucker, Peter F.
_eAUT
245 0 _aLos desafíos de la gerencia para el siglo XXI
260 _c1999
300 _ax, 277 páginas :
_c23 cm.
650 _aGEN
654 _aCAN
942 _cLIB
_dJUS
_fJUS
_2ddc
_n
999 _c18573
_d18573